Statistics for All Modern-Day Countries Ever Controlled by the Knights Hospitaller

Click here to take the quiz!

General Stats

  • This quiz has been taken 316 times
  • The average score is 9 of 10

Answers on the Map

Answers color-coded by a green-red scale on the quiz's map according to % correct below.
Loading ...
Rhine
 

Answer Stats

Countries% Correct
Malta
99%
Greece
98%
Libya
98%
Lebanon
97%
Syria
97%
Turkey
93%
France
(Saint Martin and Saint Barthélemy)
90%
Germany
84%
United States
(Saint Croix)
78%
Saint Kitts and Nevis
72%

Score Distribution

Percentile by Number Answered

Percent of People with Each Score

Your Score History

You have not taken this quiz